| 000 | 00404 a2200145 4500 | ||
|---|---|---|---|
| 000 | nam a22 7a 4500 | ||
| 005 | 20260309154630.0 | ||
| 020 | _a9783031553837 | ||
| 100 |
_aSimeon Ball _91081088 |
||
| 245 | _aA Course in Combinatorics and Graphs | ||
| 260 |
_bSpringer _c2024 |
||
| 440 |
_aCompact Textbooks in Mathematics _91131414 |
||
| 490 | _aCompact Textbooks in Mathematics | ||
| 942 | _cTEXL | ||
| 999 |
_c1714993 _d1714993 |
||